Η οικονομία της άμυνας και η άμυνα της οικονομίας

Αποθηκεύτηκε σε:
Λεπτομέρειες βιβλιογραφικής εγγραφής
Κύριος συγγραφέας: Μοσχόβης, Γεώργιος
Μορφή: Βιβλίο
Γλώσσα:Greek
Δημοσίευση: Αθήνα : ΙΑΑ, 2000
Σειρά:Θέματα πολιτικής και άμυνας ; ; 3
Θέματα:
Ετικέτες: Προσθήκη ετικέτας
Δεν υπάρχουν, Καταχωρήστε ετικέτα πρώτοι!

MARC

LEADER 00000cam a2200000 i 4500
001 1/61649
008 020410s2000 gre d
020 |a 960-8124-05-0 (set) 
020 |a 960-8124-00-X 
035 |l 10000895 
040 |a GR-MY-UA  |b gre  |e aacr 
041 0 |a gre 
082 0 |a 355.622 
100 1 |a Μοσχόβης, Γεώργιος. 
245 1 2 |a Η οικονομία της άμυνας και η άμυνα της οικονομίας /  |c Γεώργιος Μοσχόβης 
260 |a Αθήνα :   |b ΙΑΑ,   |c 2000 
300 |a 47 σ.  |b εικ. 
490 1 |a Θέματα πολιτικής και άμυνας  |v ; 3 
504 |a Βιβλιογραφία: σ. 45-47 
650 0 0 |a Armed Forces  |x Appropriations and expenditures. 
650 0 0 |a National security  |x Economic aspects. 
650 0 0 |a Defensive (Military science) 
651 0 |a Greece  |x Armed Forces  |x Appropriations and expenditures. 
830 0 |a Θέματα πολιτικής και άμυνας ;  |v ; 3 
852 |a INST  |b CHIOS  |e 20020410  |h 355.622 ΜΟΣ  |p 005200020998  |q 005200020998  |t BK  |y 0 
852 |a INST  |b LESVOS  |e 20060713  |h 355.622 ΜΟΣ  |p 005100036281  |q 005100036281  |t BK  |y 0 
852 |a INST  |b RHODES  |e 20120525  |h 355.622 ΜΟΣ  |p 005400034400  |q 005400034400  |t BK  |y 0 
901 |a BIBL4-2012-2 
901 |a BIBL2-2002-1 
901 |a BIBL1-2006-2 
909 |a Ρ  |b 171036 
909 |a Χ  |b 083907 
909 |a Λ  |b 128927 
970 |a ΣΠΕΝΤΖΑ  |b ΕΛΕΝΗ  |z 2002/04/10